| 000 | 00840nam a2200205Ia 4500 | ||
|---|---|---|---|
| 008 | 0000001991 sp a 0000000000spa00 | ||
| 090 | _aPSP00 C16j | ||
| 100 | 1 |
_aCapa, Joaquín _d1941 |
|
| 245 | 1 | 0 |
_aJoaquín Capa _b: pinturas 1990-1991 _c/ fotografías Doble Focal, Melli Pérez Madero |
| 300 |
_a21 p. _c/ 33 cm. |
||
| 500 | _aExposición realizada en Galeria Nieves Fernández, Madrid, Noviembre Diciembre, 1991 \ Con el patronazgo del maestro venezolano Jesús Rafael Soto (q.e.p.d.) | ||
| 600 | 0 | 0 |
_aCAPA, JOAQUIN, 1941/ _xTRABAJOS PICTORICOS |
| 650 | 1 | 4 | _aARTE CONTEMPORANEO ESPAÑOL |
| 650 | 1 | 4 | _xCATALOGOS |
| 650 | 1 | 4 | _xEXPOSICIONES |
| 650 | 1 | 4 | _aPINTORES ESPAÑOLES |
| 650 | 1 | 4 | _aPINTURA ESPAÑOLA |
| 700 | 1 | _aFocal, Doble \ Pérez Madero. Melli | |
| 999 |
_c4936 _d4936 |
||
| 260 |
_aMadrid : Galería Nieves Fernández _c1991 |
||